00817nam a22002177a 450000500170000001000150001702000260003203500130005803700130007108200150008410000150009924500850011426000420019927000870024130000210032850000500034970000260039994200290042599900170045495201280047120131220114133.0 aENG-108898 a9789382983026c895.00 aEN-92431 bDBAD/PUB a658.421082 aRenuka, G. aDevelopment of women entrepreneurship /cby G. Renuka [and] G. Ramakrishna Reddy aNew DelhibManglam Publicationsc2013 aK-129 Gali No.3 Near Shiv Om Jwelers 3-1/2 Pusta Gautam Vihar bNew Delhie110053 a274p. c22cm(Hb) aIncludes bibliographical references and index aReddy, G. Ramakrishna 2ddccENmRENh658.421082 c81251d81251 001040718NFICaDBADbDBADd2013-12-18eDBAD/PUBg895.00l0o658.421082 RENpEN-92431r2013-12-18 00:00:00t1v895.00yEN